|
|
|
|
| LEADER |
01170nam a2200313 a 4500 |
| 001 |
1159 |
| 003 |
BD-DhAAL |
| 005 |
20150601120114.0 |
| 008 |
150601s1994 bg b 001 0 eng |
| 010 |
|
|
|a 94905489
|
| 020 |
|
|
|a 9840512552 :
|c Tk550.00
|
| 025 |
|
|
|a B-E-8301
|
| 040 |
|
|
|a DLC
|c DLC
|d BD-DhAAL
|
| 050 |
0 |
0 |
|a Z5075.B3
|b S53 1994
|a S471.B33
|
| 082 |
0 |
0 |
|a 016.3381/095492
|2 20
|
| 100 |
2 |
|
|a Shawkat Ali, A. M. M.
|9 11550
|
| 245 |
1 |
0 |
|a Comprehensive bibliography on agriculture and rural development /
|c A.M.M. Shawkat Ali, Mujibur Rahman Khan.
|
| 260 |
|
|
|a Dhaka, Bangladesh :
|b University Press,
|c 1994.
|
| 300 |
|
|
|a iv, 497 p. ;
|c 25 cm.
|
| 500 |
|
|
|a Includes indexes.
|
| 520 |
|
|
|a Chiefly with reference to Bangladesh.
|
| 541 |
|
|
|e 1159
|
| 650 |
|
0 |
|a Agriculture
|z Bangladesh
|x Bibliography.
|9 11551
|
| 650 |
|
0 |
|a Rural development
|z Bangladesh
|x Bibliography.
|9 11552
|
| 651 |
|
0 |
|a Bangladesh
|x Imprints.
|9 11553
|
| 700 |
1 |
|
|a Khan, Mujibur Rahman.
|9 11554
|
| 942 |
|
|
|2 ddc
|c BK
|
| 999 |
|
|
|c 34571
|d 34571
|
| 952 |
|
|
|0 0
|1 0
|2 ddc
|4 0
|6 016_338109549200000_SHA
|7 0
|9 53987
|a SCL
|b SCL
|c GEN
|d 2015-06-01
|g 550.00
|l 0
|o 016.3381095492 SHA
|p 3020001159
|r 2015-06-01
|t 1
|w 2015-06-01
|y BK
|